| 000 | 00984nab a22002297a 4500 | ||
|---|---|---|---|
| 999 |
_c6055 _d6055 |
||
| 003 | OSt | ||
| 005 | 20260120234022.0 | ||
| 008 | 190514b xxu||||| |||| 00| 0 spa d | ||
| 040 | _cPJ | ||
| 100 |
_96839 _aGarcía Sindes, Milagros |
||
| 245 | 1 | 0 |
_aReflexión en torno a la revocabilidad de la adopción por integración / _cMilagros García Sindes. |
| 300 | _ap. 127-131 | ||
| 500 | _aCita: TR LALEY AR/DOC/250/2024. | ||
| 505 | _aSumario: I. Hechos.— II. Derecho.— III. Aplicación del derecho.— IV. Conclusión. | ||
| 505 | _tFallo comentado: JFamilia 5a Nom., Córdoba ~ 29/12/2022 ~ L., R. M. s/ adopción integradora. | ||
| 650 | 0 |
_9967 _aDERECHO DE FAMILIA |
|
| 650 | 0 |
_9974 _aADOPCIÓN |
|
| 650 | 0 |
_94500 _aADOPCION DE INTEGRACION |
|
| 650 | 0 |
_91057 _aJURISPRUDENCIA APLICABLE |
|
| 773 | 0 |
_02844 _93222 _dBuenos Aires : AbeledoPerrot, 1989- _tDerecho de familia. Revista Interdisciplinaria de doctrina y jurisprudencia. Abril 2024-II. _z18511201 |
|
| 942 |
_2udc _cANA |
||